000 01630nam a2200325 i 4500
001 991061720873006706
003 ES-BaIT
005 20260225121722.0
008 t20242e202410 fr r 000 1 fre d
020 _a9782749816685
040 _aES-BaIT
_bcat
_erda
_cES-BaIT
080 _a840-2"19"
100 _aCaron, Didier
_eautor
_9113483
245 1 3 _aLe Duplex /
_cDidier Caron
264 1 _aParis :
_bL'avant-scène théâtre,
_coctobre 2024
300 _a74 pàgines ;
_c21 cm
336 _atext
_btxt
_2rdacontent
337 _asense mediació
_bn
_2rdamedia
338 _avolum
_bnc
_2rdacarrier
490 1 _aL'Avant-scène théâtre ;
_vno 1564
500 _aP4: D2, H2
500 _aPublicat com no 1564 (octobre 2024) de la revista L'Avant-scène théâtre
500 _aEstrena Théâtre de Paris, el 22 de febrer de 2024
520 _a"Les Berger habitent au sixième étage d'un immeuble parisien. Ils s'y sentent bien, au point de vouloir agrandir leur espace : ainsi, rêvent-ils de récupérer l'appartement des Tissandier, leurs sympathiques voisins du cinquième, afin de se créer un joli duplex. Mais les Tissandier sont heureux chez eux et ne comptent pas déménager. Il ne reste aux Berger qu'une seule alternative : utiliser tous les stratagèmes possibles pour faire voler en éclats l'harmonie de l'autre couple... Une comédie jubilatoire et irrésistible, écrite et mise en scène par Didier Caron"-- Contracoberta
650 0 _aParelles
_vTextos dramàtics
_9168181
830 _aAvant-scène.
_pThéâtre
_vno 1564
_9168170
908 _aCDMAE
940 _aCDMAE
942 _2udc
_c1
999 _c137140
_d137140